[Event "VIII Floripa Chess Open 2022 - LIRA - mesa 1 a 205 - HOTEL FAIAL - 206 a 246"]
[Site "Lira Tênis Clube - Florianópolis/SC"]
[Date "2022.01.27"]
[Round "6"]
[Board "101"]
[White "Dantas, Henrick Vinicius Prado"]
[Black "Mariani, Daniel Brandao"]
[Result "0-1"]
[WhiteElo "1755"]
[BlackElo "2047"]
[PlyCount "42"]
[EventDate "2022.01.24"]
[EventRounds "10"]
[EventCountry "BRA"]

1. e4 e5 2. Nf3 Nf6 3. Nc3 Nc6 4. d4 exd4 5. Nxd4 Bb4 6. Nxc6 bxc6 7. Bd3 d5 8.
exd5 O-O 9. O-O Bg4 10. f3 Bh5 11. Ne4 Nxd5 12. Ng3 Bg6 13. c3 Bd6 14. Nf5 Bc5+
15. Kh1 Qd7 16. Qc2 Rfe8 17. Bg5 Re5 18. Nh6+ gxh6 19. Bxh6 Re3 20. Bxg6 hxg6
21. Rad1 Rd8 {illegivel}  0-1

[Event "VIII Floripa Chess Open 2022 - LIRA - mesa 1 a 205 - HOTEL FAIAL - 206 a 246"]
[Site "Lira Tênis Clube - Florianópolis/SC"]
[Date "2022.01.27"]
[Round "6"]
[Board "102"]
[White "Rodrigues, Natanael Isau"]
[Black "Araujo, Everson De Moura"]
[Result "0-1"]
[WhiteElo "1748"]
[BlackElo "2003"]
[PlyCount "86"]
[EventDate "2022.01.24"]
[EventRounds "10"]
[EventCountry "BRA"]

1. e4 c5 2. Nf3 e6 3. d3 d5 4. Nbd2 Nf6 5. g3 Be7 6. Bg2 O-O 7. O-O Nc6 8. e5
Ng4 9. Re1 f6 10. exf6 Bxf6 11. Qe2 Qb6 12. c3 Bd7 13. Nf1 Rae8 14. h3 Nge5 15.
Nxe5 Bxe5 16. f4 Bd6 17. Be3 d4 18. Bf2 e5 19. cxd4 cxd4 20. fxe5 Nxe5 21. Qc2
Bc6 22. Nd2 Bxg2 23. Kxg2 Bb4 24. Qb3+ Kh8 25. Rad1 Qc6+ 26. Re4 Bxd2 27. Rxd2
Nxd3 28. Qxd3 Rxe4 29. Kg1 h6 30. Rc2 Qd5 31. b4 b6 32. a4 Qf5 33. Rd2 Qd5 34.
Kh2 Kg8 35. Kg1 Rc8 36. Rd1 Qe6 37. Qa6 Rc2 38. Qd3 Ree2 39. Rf1 Qe3 40. Qf5
Rxf2 41. Rxf2 Qxg3+ 42. Kf1 Rc1+ 43. Ke2 Qe3#  0-1

[Event "VIII Floripa Chess Open 2022 - LIRA - mesa 1 a 205 - HOTEL FAIAL - 206 a 246"]
[Site "Lira Tênis Clube - Florianópolis/SC"]
[Date "2022.01.27"]
[Round "6"]
[Board "103"]
[White "Fontoura, Rogerio Lemos"]
[Black "Arruda Filho, Ivo Pereira De"]
[Result "1-0"]
[WhiteElo "1965"]
[BlackElo "1755"]
[PlyCount "137"]
[EventDate "2022.01.24"]
[EventRounds "10"]
[EventCountry "BRA"]

1. d4 c6 2. c4 d5 3. cxd5 cxd5 4. Nc3 Nf6 5. Bf4 Nc6 6. Nf3 e6 7. e3 Bb4 8. Rc1
Ne4 9. Bd3 O-O 10. O-O Bxc3 11. bxc3 h6 12. Nd2 f5 13. h3 Bd7 14. f3 Nf6 15.
Nb3 b6 16. Ba6 Bc8 17. Bd3 a5 18. Qe2 Nh5 19. Bh2 Nf6 20. Nd2 Bb7 21. Rb1 Nd7
22. e4 Qf6 23. Bc7 Bc8 24. e5 Qh4 25. f4 Qg3 26. Bxb6 Rb8 27. Bc7 Rxb1 28. Nxb1
Rf7 29. Bd6 g5 30. Nd2 gxf4 31. Rb1 Rg7 32. Kh1 Qe3 33. Nf1 Qxe2 34. Bxe2 Nf6
35. Nd2 Rb7 36. Rb5 Nd7 37. Nf3 Ra7 38. Rb2 Rb7 39. Rxb7 Bxb7 40. Bb5 Ndb8 41.
Kg1 Kf7 42. Kf2 Na7 43. a4 Nbc6 44. Bc7 Bc8 45. Bb6 Bb7 46. Nd2 Ba8 47. Nb3
Nxb5 48. axb5 a4 49. Nc5 a3 50. bxc6 Bxc6 51. Nb3 Ba4 52. Na1 Kg6 53. Kf3 Kg5
54. Bd8+ Kg6 55. Kxf4 Be8 56. Be7 a2 57. Ke3 Kh5 58. Bd8 Ba4 59. Be7 Bd1 60. g3
Kg6 61. Ba3 Kg5 62. Bc1 Kg6 63. Kf2 Ba4 64. Bf4 h5 65. h4 Kf7 66. Ke1 Ke8 67.
Kd2 Kd7 68. Kc1 Kc6 69. Kb2  1-0

[Event "VIII Floripa Chess Open 2022 - LIRA - mesa 1 a 205 - HOTEL FAIAL - 206 a 246"]
[Site "Lira Tênis Clube - Florianópolis/SC"]
[Date "2022.01.27"]
[Round "6"]
[Board "104"]
[White "Bassani, Jaison Jose"]
[Black "Hubner, Jessica Trindade"]
[Result "1-0"]
[WhiteElo "1961"]
[BlackElo "1752"]
[PlyCount "110"]
[EventDate "2022.01.24"]
[EventRounds "10"]
[EventCountry "BRA"]

1. e4 c5 2. Nc3 Nc6 3. g3 g6 4. Bg2 Rb8 5. d3 b5 6. a3 a5 7. a4 b4 8. Nb5 d6 9.
c3 Bg7 10. Ne2 Bb7 11. d4 bxc3 12. bxc3 cxd4 13. cxd4 Nf6 14. O-O O-O 15. Nec3
Nb4 16. Re1 Nd7 17. Rb1 Re8 18. Ba3 Na6 19. Qb3 Bc6 20. Qc4 Bb7 21. Qa2 Ba8 22.
Rec1 Rc8 23. Bxd6 Bxd4 24. Nxd4 exd6 25. Ndb5 Ndc5 26. Nd5 Nb4 27. Nxb4 axb4
28. Rxb4 Bxe4 29. Bxe4 Rxe4 30. Qd2 Rxb4 31. Qxb4 Nd3 32. Rxc8 Qxc8 33. Qd2 Nc5
34. Qd5 Nxa4 35. Qxf7+ Kxf7 36. Nxd6+ Ke6 37. Nxc8 Kd7 38. Na7 Nc3 39. Kf1 Ke6
40. Nc6 h5 41. h4 Ne4 42. Nd4+ Ke5 43. Nf3+ Kf5 44. Ke2 Nf6 45. Ng5 Nd5 46. f3
Nc3+ 47. Kd3 Nd5 48. Kd4 Nb4 49. Ne4 Nc2+ 50. Kd3 Ne1+ 51. Ke2 Nc2 52. Kd2 Nd4
53. Ke3 Nc2+ 54. Kf2 Nd4 55. Nd6+ Ke5  1-0

[Event "VIII Floripa Chess Open 2022 - LIRA - mesa 1 a 205 - HOTEL FAIAL - 206 a 246"]
[Site "Lira Tênis Clube - Florianópolis/SC"]
[Date "2022.01.27"]
[Round "6"]
[Board "105"]
[White "Esteche, Caina Rinaldi"]
[Black "Frattini, Beatriz Maria"]
[Result "1-0"]
[WhiteElo "1735"]
[BlackElo "1948"]
[PlyCount "69"]
[EventDate "2022.01.24"]
[EventRounds "10"]
[EventCountry "BRA"]

1. c4 c5 2. Nc3 Nf6 3. g3 d5 4. cxd5 Nxd5 5. Bg2 Nc7 6. Nf3 Nc6 7. O-O e5 8. d3
Be7 9. Be3 f6 10. Qa4 Bd7 11. Rfc1 Nd4 12. Qd1 Bc6 13. Ne4 Nce6 14. Bxd4 cxd4
15. Nh4 g6 16. Rxc6 bxc6 17. Qa4 Kf7 18. Qxc6 Qb6 19. Qa4 Qxb2 20. Rf1 Qxe2 21.
Bh3 f5 22. Nxf5 gxf5 23. Bxf5 Rab8 24. Bxe6+ Kxe6 25. Qc4+ Kd7 26. Qd5+ Ke8 27.
Qxe5 Qb2 28. Qxh8+ Kd7 29. Qxh7 Rb5 30. Qf7 Kd8 31. Nf6 Bxf6 32. Qxf6+ Kc7 33.
Qa6 Rb7 34. Re1 Kd8 35. Qf6+  1-0

[Event "VIII Floripa Chess Open 2022 - LIRA - mesa 1 a 205 - HOTEL FAIAL - 206 a 246"]
[Site "Lira Tênis Clube - Florianópolis/SC"]
[Date "2022.01.27"]
[Round "6"]
[Board "106"]
[White "Melo, Igor De Souza"]
[Black "Peixoto, Rudson Marinho"]
[Result "1-0"]
[WhiteElo "1732"]
[BlackElo "1941"]
[PlyCount "56"]
[EventDate "2022.01.24"]
[EventRounds "10"]
[EventCountry "BRA"]

1. e4 c5 2. Nf3 d6 3. Bb5+ Bd7 4. Bxd7+ Qxd7 5. O-O e5 6. c3 Nf6 7. d4 Qc7 8.
Re1 Be7 9. dxe5 dxe5 10. Na3 Nbd7 11. Bg5 a6 12. Bxf6 Bxf6 13. Nc2 O-O 14. Ne3
Nb6 15. Ng4 Rfd8 16. Nxf6+ gxf6 17. Qc1 Qd7 18. Qh6 Qe6 19. Nh4 Kh8 20. Nf5 Rg8
21. Re3 Rg6 22. Qh4 Nd7 23. Rh3 Nf8 24. Rd1 Re8 25. Rd6 Qxa2 26. g3 Qc4 27.
Rxf6 Rd8 28. Ne3 Qd3 {illegivel}  1-0

[Event "VIII Floripa Chess Open 2022 - LIRA - mesa 1 a 205 - HOTEL FAIAL - 206 a 246"]
[Site "Lira Tênis Clube - Florianópolis/SC"]
[Date "2022.01.27"]
[Round "6"]
[Board "107"]
[White "Santos, Marcelo Da Silva"]
[Black "Dos Santos, Guilherme Fortes"]
[Result "1-0"]
[WhiteElo "1935"]
[BlackElo "1748"]
[PlyCount "61"]
[EventDate "2022.01.24"]
[EventRounds "10"]
[EventCountry "BRA"]

1. c4 c6 2. Nc3 Nf6 3. Nf3 d5 4. cxd5 cxd5 5. d4 Nc6 6. Bf4 a6 7. e3 e6 8. Bd3
Be7 9. O-O O-O 10. h3 Bd7 11. Rc1 Rc8 12. Bb1 b5 13. Ne5 Qa5 14. Bg5 Rfe8 15.
Bxf6 Bxf6 16. Nxd7 Be7 17. Ne2 Bd6 18. Nc5 Qb6 19. Qd3 g6 20. a3 a5 21. Nd7 Qd8
22. Nc5 Qb6 23. Nc3 b4 24. N3a4 Qa7 25. Ba2 Red8 26. Kh1 e5 27. Bxd5 Bxc5 28.
Rxc5 Ne7 29. Rxc8 Nxc8 30. dxe5 Ne7 31. Bxf7+  1-0

[Event "VIII Floripa Chess Open 2022 - LIRA - mesa 1 a 205 - HOTEL FAIAL - 206 a 246"]
[Site "Lira Tênis Clube - Florianópolis/SC"]
[Date "2022.01.27"]
[Round "6"]
[Board "108"]
[White "Cordioli, Jairo Ribeiro"]
[Black "Santanna, Paulo"]
[Result "1/2-1/2"]
[WhiteElo "1706"]
[BlackElo "1928"]
[PlyCount "61"]
[EventDate "2022.01.24"]
[EventRounds "10"]
[EventCountry "BRA"]

1. d4 Nf6 2. c4 e6 3. Nc3 Bb4 4. Qc2 Nc6 5. Nf3 O-O 6. a3 Bxc3+ 7. Qxc3 a5 8.
b3 d6 9. Bg5 Qe7 10. d5 Nb8 11. Bxf6 Qxf6 12. Qxf6 gxf6 13. e4 Na6 14. Bd3 Bd7
15. Kd2 Rfb8 16. Nd4 c6 17. dxe6 fxe6 18. f4 e5 19. Ne2 Kf7 20. Rab1 c5 21.
fxe5 fxe5 22. Nc3 Bc6 23. Nd5 Bxd5 24. exd5 Rg8 25. g3 h6 26. Rhf1+ Ke7 27. Bf5
Nc7 28. g4 b5 29. Rf3 Rae8 30. h3 bxc4 31. bxc4  1/2-1/2

[Event "VIII Floripa Chess Open 2022 - LIRA - mesa 1 a 205 - HOTEL FAIAL - 206 a 246"]
[Site "Lira Tênis Clube - Florianópolis/SC"]
[Date "2022.01.27"]
[Round "6"]
[Board "109"]
[White "Schmidt, Erick Eduardo Da Silva"]
[Black "Leao, Cintia Rocha"]
[Result "1/2-1/2"]
[WhiteElo "1683"]
[BlackElo "1926"]
[PlyCount "41"]
[EventDate "2022.01.24"]
[EventRounds "10"]
[EventCountry "BRA"]

1. e4 e5 2. Nf3 Nc6 3. Bb5 d6 4. c3 f5 5. Qa4 Bd7 6. exf5 a6 7. Bxc6 Bxc6 8.
Qg4 Nf6 9. Qh3 Qd7 10. d3 O-O-O 11. Bg5 e4 12. Bxf6 gxf6 13. dxe4 Bxe4 14. Nd4
Re8 15. O-O Re5 16. Nd2 Bxf5 17. Nxf5 Qxf5 18. Qxf5+ Rxf5 19. Rfe1 Re5 20. Nf3
Rxe1+ 21. Rxe1  1/2-1/2

[Event "VIII Floripa Chess Open 2022 - LIRA - mesa 1 a 205 - HOTEL FAIAL - 206 a 246"]
[Site "Lira Tênis Clube - Florianópolis/SC"]
[Date "2022.01.27"]
[Round "6"]
[Board "110"]
[White "Teshima, Ricardo Yoshida"]
[Black "Campagnolo, Fabiola"]
[Result "1-0"]
[WhiteElo "1913"]
[BlackElo "1714"]
[PlyCount "45"]
[EventDate "2022.01.24"]
[EventRounds "10"]
[EventCountry "BRA"]

1. Nf3 Nf6 2. b3 d5 3. Bb2 c5 4. e3 h6 5. Ne5 Bf5 6. Bb5+ Nbd7 7. f4 a6 8. Be2
e6 9. O-O Qc7 10. d3 b5 11. c4 b4 12. Nd2 Bd6 13. Nxd7 Qxd7 14. Bf3 Bh7 15. g3
Bc7 16. Qe2 O-O 17. Bxf6 gxf6 18. e4 Rfe8 19. Qg2 Rad8 20. Rae1 Bb6 21. Kh1 d4
22. e5 Rc8 23. Qh3  1-0

[Event "VIII Floripa Chess Open 2022 - LIRA - mesa 1 a 205 - HOTEL FAIAL - 206 a 246"]
[Site "Lira Tênis Clube - Florianópolis/SC"]
[Date "2022.01.27"]
[Round "6"]
[Board "111"]
[White "De Souza, Sergio R. Rastoldo"]
[Black "Sanchez, Ivan Roberto"]
[Result "0-1"]
[WhiteElo "1910"]
[BlackElo "1705"]
[PlyCount "93"]
[EventDate "2022.01.24"]
[EventRounds "10"]
[EventCountry "BRA"]

1. e4 c5 2. Nf3 d6 3. g3 Nf6 4. d3 g6 5. Bg2 Bg7 6. O-O O-O 7. Re1 e5 8. Nc3 h6
9. Be3 Be6 10. h3 Qd7 11. Kh2 b5 12. a3 Nc6 13. Qd2 b4 14. Ne2 Kh7 15. axb4
cxb4 16. Ra6 Nb8 17. Ra5 Nc6 18. Ra6 Nb8 19. Raa1 Nc6 20. c3 Rfb8 21. c4 a5 22.
b3 Bf8 23. Qc2 Ra6 24. d4 exd4 25. Nexd4 Ne5 26. Nxe5 dxe5 27. Nxe6 Qxe6 28.
Bf1 Raa8 29. f3 Rc8 30. Red1 Nd7 31. Rd5 Qc6 32. Rdxa5 Bc5 33. Bf2 Rxa5 34.
Rxa5 Qb6 35. Rxc5 Nxc5 36. h4 Qa5 37. Bxc5 Qxc5 38. Qd2 Ra8 39. Qd5 Qf2+ 40.
Bg2 Ra7 41. c5 Rc7 42. Qxe5 Qxc5 43. Qd5 Qxd5 44. exd5 Rc3 45. d6 Rxb3 46. d7
Rd3 47. Bh3  0-1

[Event "VIII Floripa Chess Open 2022 - LIRA - mesa 1 a 205 - HOTEL FAIAL - 206 a 246"]
[Site "Lira Tênis Clube - Florianópolis/SC"]
[Date "2022.01.27"]
[Round "6"]
[Board "112"]
[White "Ribeiro, Regina"]
[Black "Juliano, Luiz Augusto Porto"]
[Result "1-0"]
[WhiteElo "1908"]
[BlackElo "1690"]
[PlyCount "75"]
[EventDate "2022.01.24"]
[EventRounds "10"]
[EventCountry "BRA"]

1. Nf3 Nf6 2. b3 g6 3. Bb2 Bg7 4. g3 c5 5. Bg2 Nc6 6. O-O O-O 7. c4 d6 8. d4
cxd4 9. Nxd4 Bd7 10. Nc3 Qc8 11. Rc1 Bh3 12. Nd5 Bxg2 13. Kxg2 Qd7 14. Nxc6
Nxd5 15. Bxg7 Nf4+ 16. gxf4 Qxc6+ 17. Qd5 Kxg7 18. Rfd1 Rfc8 19. e4 Qa6 20.
Qd4+ Kg8 21. a4 Qa5 22. Rd3 a6 23. f5 Rc6 24. f4 Rac8 25. Rcd1 Qc5 26. Qc3 b5
27. axb5 axb5 28. fxg6 hxg6 29. Rh3 f6 30. Qg3 Kg7 31. Rd5 Qa3 32. Rxb5 Ra6 33.
Qh4 Qb2+ 34. Kg3 Ra1 35. Qh7+ Kf8 36. Qh8+ Kf7 37. Rh7+ Ke6 38. Qxc8#  1-0

[Event "VIII Floripa Chess Open 2022 - LIRA - mesa 1 a 205 - HOTEL FAIAL - 206 a 246"]
[Site "Lira Tênis Clube - Florianópolis/SC"]
[Date "2022.01.27"]
[Round "6"]
[Board "113"]
[White "Vaz, Osvaldo Jose"]
[Black "Passos, Rafael Moreira"]
[Result "0-1"]
[WhiteElo "1680"]
[BlackElo "1906"]
[PlyCount "115"]
[EventDate "2022.01.24"]
[EventRounds "10"]
[EventCountry "BRA"]

1. e4 c5 2. c3 d5 3. exd5 Qxd5 4. d4 Nf6 5. Nf3 Bg4 6. Be2 e6 7. Be3 cxd4 8.
cxd4 Bb4+ 9. Nc3 O-O 10. O-O Bxc3 11. bxc3 Nc6 12. c4 Qd6 13. Rc1 Rfd8 14. h3
Bh5 15. Qb3 a5 16. c5 Qc7 17. Rfd1 Nd5 18. Bg5 Rd7 19. Qb2 h6 20. Bh4 Nf4 21.
Bg3 Nxe2+ 22. Qxe2 Bxf3 23. Qxf3 Qd8 24. Bd6 Ne7 25. g4 Nd5 26. Qg3 Rc8 27. h4
Nc7 28. g5 hxg5 29. hxg5 Nb5 30. g6 Nxd6 31. cxd6 Rxc1 32. gxf7+ Kxf7 33. Rxc1
Rxd6 34. Qf3+ Kg8 35. Qe3 Qf6 36. Rc8+ Kh7 37. Rc5 Rd5 38. Qh3+ Qh6 39. Qc3
Qg6+ 40. Kf1 Rxc5 41. dxc5 Qb1+ 42. Kg2 Qxa2 43. Qd3+ Kg8 44. Qd8+ Kf7 45. Qd7+
Kf6 46. Qd8+ Ke5 47. Qc7+ Kd4 48. Qxg7+ Kxc5 49. Qc7+ Kd4 50. Qb6+ Kc3 51. Qe3+
Kb4 52. Qb6+ Ka4 53. Qd4+ Kb5 54. Qd7+ Ka6 55. Qd4 Qd5+ 56. Qxd5 exd5 57. f4
Kb6 58. Kg3  0-1

[Event "VIII Floripa Chess Open 2022 - LIRA - mesa 1 a 205 - HOTEL FAIAL - 206 a 246"]
[Site "Lira Tênis Clube - Florianópolis/SC"]
[Date "2022.01.27"]
[Round "6"]
[Board "114"]
[White "Tsuchie, Pedro Pinheiro"]
[Black "Carvalho, Cleber Del Castillo"]
[Result "1-0"]
[WhiteElo "1660"]
[BlackElo "1901"]
[PlyCount "91"]
[EventDate "2022.01.24"]
[EventRounds "10"]
[EventCountry "BRA"]

1. e4 e6 2. d4 d5 3. Nd2 Nc6 4. Ngf3 Nf6 5. e5 Nd7 6. Bd3 Nb4 7. Be2 c5 8. c3
Nc6 9. O-O Be7 10. Re1 f6 11. exf6 Nxf6 12. Bd3 cxd4 13. cxd4 O-O 14. h3 h6 15.
Nb3 a5 16. Bf4 a4 17. Nc1 Ne4 18. Bxe4 Rxf4 19. Bb1 Bf6 20. Nd3 Rxf3 21. Qxf3
Nxd4 22. Qd1 Qb6 23. Bc2 a3 24. bxa3 Nxc2 25. Rb1 Qc6 26. Rc1 Nxe1 27. Rxc6
bxc6 28. Qxe1 Rxa3 29. Qb4 Rxd3 30. Qb8 Rc3 31. Qxc8+ Kf7 32. Qd7+ Be7 33. a4
Rc1+ 34. Kh2 c5 35. a5 Ra1 36. Qc7 c4 37. h4 Ra3 38. h5 c3 39. Qf4+ Bf6 40.
Qc7+ Kg8 41. a6 Kh7 42. a7 Bd4 43. Qg3 e5 44. Qg6+ Kg8 45. Qe8+ Kh7 46. a8=Q
 1-0

[Event "VIII Floripa Chess Open 2022 - LIRA - mesa 1 a 205 - HOTEL FAIAL - 206 a 246"]
[Site "Lira Tênis Clube - Florianópolis/SC"]
[Date "2022.01.27"]
[Round "6"]
[Board "116"]
[White "Valcarcel, Victor Ignacio Dos Santos"]
[Black "Haraguchi, Matheus Sashaki"]
[Result "1-0"]
[WhiteElo "1893"]
[BlackElo "1677"]
[PlyCount "53"]
[EventDate "2022.01.24"]
[EventRounds "10"]
[EventCountry "BRA"]

1. e4 c5 2. Bc4 e6 3. Nf3 d5 4. exd5 exd5 5. Bb5+ Bd7 6. Bxd7+ Nxd7 7. d4 Ngf6
8. O-O Be7 9. Bf4 O-O 10. Nc3 Rc8 11. Re1 Re8 12. h3 Nb6 13. Qd3 c4 14. Qd2 Bb4
15. Bg5 Bxc3 16. bxc3 Qd6 17. Bxf6 Qxf6 18. Re5 Rxe5 19. dxe5 Qe7 20. Re1 Re8
21. Nd4 Qa3 22. Nb5 Qxa2 23. Nd6 Re6 24. Qf4 Re7 25. e6 f6 26. Nf5 Re8 27. Qc7
 1-0

[Event "VIII Floripa Chess Open 2022 - LIRA - mesa 1 a 205 - HOTEL FAIAL - 206 a 246"]
[Site "Lira Tênis Clube - Florianópolis/SC"]
[Date "2022.01.27"]
[Round "6"]
[Board "117"]
[White "Andrade, Guilherme A. De Souza"]
[Black "Dias, Juliane De Oliveira"]
[Result "1/2-1/2"]
[WhiteElo "1880"]
[BlackElo "1663"]
[PlyCount "130"]
[EventDate "2022.01.24"]
[EventRounds "10"]
[EventCountry "BRA"]

1. d4 d5 2. c4 e6 3. cxd5 exd5 4. Nc3 Nf6 5. Bg5 Be7 6. e3 O-O 7. Bd3 Be6 8.
Qc2 h6 9. Bh4 Nbd7 10. Nge2 c5 11. dxc5 Nxc5 12. O-O Nxd3 13. Qxd3 g5 14. Bg3
Qb6 15. Nd4 Rac8 16. Nxe6 Qxe6 17. Rad1 Rfd8 18. Nb5 a6 19. Nd4 Qe4 20. h3 Bf8
21. Bh2 Rd7 22. a3 Bg7 23. Nf5 Qxd3 24. Rxd3 Rc2 25. Be5 Rc6 26. Rfd1 Bf8 27.
f3 Kh7 28. Bc3 Kg6 29. Nd4 Rc8 30. Ne2 Rcd8 31. Bd4 Bg7 32. Nc3 Nh5 33. Bxg7
Kxg7 34. Rxd5 Rxd5 35. Rxd5 Rxd5 36. Nxd5 Ng3 37. Kf2 Nf5 38. Nc3 Nd6 39. b3 f5
40. Ke2 Kf6 41. Kd3 Ke5 42. g3 f4 43. exf4+ gxf4 44. g4 b5 45. h4 Nf7 46. Ne4
Kd5 47. g5 hxg5 48. Nxg5 Nh6 49. Kc3 a5 50. Kd3 Ke5 51. Nh3 Nf5 52. h5 Nh6 53.
Nf2 Nf7 54. Ng4+ Kf5 55. h6 Ng5 56. Ke2 Kg6 57. a4 bxa4 58. bxa4 Ne6 59. Ne5+
Kxh6 60. Nc6 Nc5 61. Nxa5 Nxa4 62. Kd3 Nc5+ 63. Kd4 Ne6+ 64. Ke4 Ng5+ 65. Kxf4
Nxf3  1/2-1/2

[Event "VIII Floripa Chess Open 2022 - LIRA - mesa 1 a 205 - HOTEL FAIAL - 206 a 246"]
[Site "Lira Tênis Clube - Florianópolis/SC"]
[Date "2022.01.27"]
[Round "6"]
[Board "118"]
[White "Silva, Janderson Rossi Da"]
[Black "Ferreira, Angelo Augusto Pacheco"]
[Result "0-1"]
[WhiteElo "1878"]
[BlackElo "1647"]
[PlyCount "50"]
[EventDate "2022.01.24"]
[EventRounds "10"]
[EventCountry "BRA"]

1. e4 e5 2. Nf3 Nf6 3. Nxe5 d6 4. Nf3 Nxe4 5. Nc3 Nxc3 6. dxc3 Be7 7. Be3 O-O
8. Qd2 Nc6 9. O-O-O Ne5 10. Be2 Qe8 11. Ng5 Qa4 12. Kb1 b5 13. f4 Nc4 14. Qd3
Bxg5 15. fxg5 Bf5 16. Qxf5 Nxe3 17. Qd3 Nxd1 18. Rxd1 Rab8 19. Qh3 Rfe8 20. Bd3
g6 21. Qd7 Qh4 22. Qxc7 Qxg5 23. Qxd6 Rbd8 24. Qc6 Qd2 25. Qf3 Re1  0-1

[Event "VIII Floripa Chess Open 2022 - LIRA - mesa 1 a 205 - HOTEL FAIAL - 206 a 246"]
[Site "Lira Tênis Clube - Florianópolis/SC"]
[Date "2022.01.27"]
[Round "6"]
[Board "119"]
[White "Buganca, Luiz Henrique Da Silva"]
[Black "Ayala Ruiz, Miguel Angel"]
[Result "0-1"]
[WhiteElo "1873"]
[BlackElo "1618"]
[PlyCount "76"]
[EventDate "2022.01.24"]
[EventRounds "10"]
[EventCountry "BRA"]

1. d4 d5 2. c4 dxc4 3. Nc3 e5 4. d5 c6 5. e4 Nf6 6. Bxc4 Bb4 7. Qb3 Bxc3+ 8.
bxc3 cxd5 9. exd5 O-O 10. Ne2 Nbd7 11. Ba3 Re8 12. d6 Rf8 13. Qc2 a6 14. O-O b5
15. Bd3 Bb7 16. Ng3 Rc8 17. Nf5 Kh8 18. Ne7 Rb8 19. Rfe1 e4 20. Bxe4 Bxe4 21.
Rxe4 Nxe4 22. Qxe4 Nf6 23. Qd4 Qd7 24. Rd1 a5 25. Bc5 Rfe8 26. g4 Nxg4 27. Rd3
Nh6 28. Rg3 f6 29. Qf4 Rbd8 30. h3 Qe6 31. Re3 Qxa2 32. d7 Qb1+ 33. Kh2 Rxd7
34. Nf5 Rxe3 35. Nxe3 Rd8 36. Be7 Re8 37. Qd6 Qe4 38. Bxf6 Qe6  0-1

[Event "VIII Floripa Chess Open 2022 - LIRA - mesa 1 a 205 - HOTEL FAIAL - 206 a 246"]
[Site "Lira Tênis Clube - Florianópolis/SC"]
[Date "2022.01.27"]
[Round "6"]
[Board "120"]
[White "Zimmermann, Kleber Renato P."]
[Black "Teramoto, Anderson"]
[Result "1-0"]
[WhiteElo "1869"]
[BlackElo "1617"]
[PlyCount "127"]
[EventDate "2022.01.24"]
[EventRounds "10"]
[EventCountry "BRA"]

1. d4 Nf6 2. c4 e6 3. Nf3 d5 4. Bg5 Be7 5. e3 Nc6 6. Nc3 O-O 7. Rc1 a6 8. Bd3
dxc4 9. Bxc4 Nd5 10. Bxe7 Ncxe7 11. Ne4 b6 12. O-O Bb7 13. Ng3 Ng6 14. Bd3 Rc8
15. Bb1 f5 16. Qe2 Nf6 17. Rfd1 Qe7 18. Nd2 Rfd8 19. Bd3 a5 20. Ba6 Bxa6 21.
Qxa6 Qd7 22. Nb3 Qd5 23. Qc4 Ne7 24. Ne2 Qxc4 25. Rxc4 Ned5 26. Nd2 Kf7 27. Nf3
Re8 28. Ne5+ Kg8 29. Rdc1 Ne4 30. a3 Nd6 31. R4c2 Nf7 32. Nc6 Nd8 33. Ne5 Nf7
34. Nd3 Nd8 35. Nef4 Nxf4 36. Nxf4 c6 37. Nd3 Re7 38. Ne5 Rec7 39. b4 axb4 40.
axb4 Kf8 41. Kf1 Ke7 42. Ke2 b5 43. Ra2 Kd6 44. Ra6 Nf7 45. Nd3 Nd8 46. Rc5 Ke7
47. f3 Kf6 48. Ne5 Ke7 49. e4 g6 50. Ke3 Ke8 51. Rc1 Ke7 52. h4 Kd6 53. Rc5 Ke7
54. Kf4 Kf6 55. g4 fxe4 56. fxe4 Kg7 57. Rc2 Kf6 58. g5+ Kg7 59. Rca2 Nf7 60.
Ra7 Nd8 61. Ng4 Nf7 62. Nf6 Kh8 63. Rxc7 Rxc7 64. Ra8+  1-0

[Event "VIII Floripa Chess Open 2022 - LIRA - mesa 1 a 205 - HOTEL FAIAL - 206 a 246"]
[Site "Lira Tênis Clube - Florianópolis/SC"]
[Date "2022.01.27"]
[Round "6"]
[Board "121"]
[White "Sosa, Alexandro Brum"]
[Black "Fernandes, Joao Manoel Strauss"]
[Result "1-0"]
[WhiteElo "1864"]
[BlackElo "1548"]
[PlyCount "53"]
[EventDate "2022.01.24"]
[EventRounds "10"]
[EventCountry "BRA"]

1. e4 e5 2. Bc4 Bc5 3. Nc3 Nf6 4. d3 h6 5. f4 d6 6. Nf3 Bg4 7. Na4 Bb6 8. Nxb6
axb6 9. fxe5 Bxf3 10. Qxf3 dxe5 11. Qg3 Qe7 12. O-O Nbd7 13. a4 c6 14. Be3
O-O-O 15. b4 h5 16. b5 h4 17. Qe1 Kc7 18. a5 Ra8 19. Qc3 Qd6 20. Bxf7 Ng4 21.
axb6+ Nxb6 22. Bc5 Qh6 23. h3 Na4 24. Rxa4 Rxa4 25. hxg4 Qg5 26. Qb3 Qxg4 27.
bxc6  1-0

[Event "VIII Floripa Chess Open 2022 - LIRA - mesa 1 a 205 - HOTEL FAIAL - 206 a 246"]
[Site "Lira Tênis Clube - Florianópolis/SC"]
[Date "2022.01.27"]
[Round "6"]
[Board "122"]
[White "Dos Santos, Lucas Carvalho Ribeiro"]
[Black "De Freitas, Isabella Ribeiro Conti"]
[Result "0-1"]
[WhiteElo "1542"]
[BlackElo "1860"]
[PlyCount "160"]
[EventDate "2022.01.24"]
[EventRounds "10"]
[EventCountry "BRA"]

1. e4 c5 2. Nf3 e6 3. d4 cxd4 4. Nxd4 a6 5. Nc3 Qc7 6. a3 Nf6 7. Be2 Be7 8. O-O
d6 9. Bg5 b5 10. f4 Bb7 11. Qd3 Nbd7 12. Bf3 h6 13. Bh4 Nc5 14. Qe2 Nfxe4 15.
Nxe4 Bxh4 16. Nxc5 Qxc5 17. Bxb7 Qxd4+ 18. Kh1 Ra7 19. Bc6+ Kf8 20. f5 e5 21.
Rad1 Qc5 22. Qe4 Be7 23. Rf3 Rc7 24. Rc3 Qb6 25. Qf3 h5 26. Be4 h4 27. Rdd3 h3
28. Rxc7 hxg2+ 29. Kxg2 Qxc7 30. Rc3 Qa5 31. Rc8+ Bd8 32. b4 Qb6 33. f6 d5 34.
fxg7+ Kxg7 35. Bxd5 Qg6+ 36. Qg3 Bg5 37. Rxh8 Kxh8 38. Bxf7 Qxc2+ 39. Kh3 Qh7+
40. Kg4 Bf4 41. Qh4 Qxh4+ 42. Kxh4 Bc1 43. a4 bxa4 44. Kg4 Kg7 45. Bc4 a3 46.
Kf5 Bb2 47. h3 Kh6 48. Ke4 Bc3 49. Ba2 Kh5 50. Bc4 Kh4 51. Be6 Kg3 52. Ke3 Bxb4
53. Ke4 Bc3 54. Ke3 a5 55. Ke4 Bd4 56. Kd3 Kf4 57. Bf7 Kg3 58. Be6 a2 59. Bxa2
Kxh3 60. Bb3 Kg3 61. Ke4 Kf2 62. Ba4 Ke2 63. Bb5+ Kd2 64. Ba4 Kc3 65. Bd7 Kb4
66. Kd3 a4 67. Be6 a3 68. Ba2 Bb2 69. Bd5 Kc5 70. Ba2 Kd6 71. Ke4 Ke7 72. Kf5
Bd4 73. Bb3 Kf8 74. Ke4 Kg7 75. Kf5 Kh6 76. Bf7 Bb2 77. Bd5 Kh5 78. Ke4 Kg4 79.
Ke3 Kg3 80. Ke4 Bd4  0-1

[Event "VIII Floripa Chess Open 2022 - LIRA - mesa 1 a 205 - HOTEL FAIAL - 206 a 246"]
[Site "Lira Tênis Clube - Florianópolis/SC"]
[Date "2022.01.27"]
[Round "6"]
[Board "123"]
[White "De Carvalho, Vitor Augusto Ponciano"]
[Black "Da Cunha, Gastao"]
[Result "1-0"]
[WhiteElo "1858"]
[BlackElo "1602"]
[PlyCount "83"]
[EventDate "2022.01.24"]
[EventRounds "10"]
[EventCountry "BRA"]

1. e4 c5 2. Nf3 Nc6 3. d3 d6 4. g3 g6 5. Bg2 Bg7 6. O-O Nf6 7. Re1 O-O 8. c3
Qc7 9. d4 e5 10. dxc5 dxc5 11. Qe2 b6 12. Nbd2 a5 13. a4 Ng4 14. h3 Ba6 15. Nc4
Nf6 16. Bf1 Rfe8 17. Qc2 Bc8 18. Kh2 h6 19. Ne3 Be6 20. Bc4 Bxc4 21. Nxc4 Rad8
22. Be3 Rd7 23. Rad1 Red8 24. Rxd7 Rxd7 25. Nfd2 Na7 26. Qb3 Nc8 27. f3 Ne8 28.
Nb1 Ned6 29. Nba3 Nxc4 30. Nxc4 Qd8 31. Kg2 Kf8 32. Kf2 h5 33. Ke2 Rd3 34. h4
Rd7 35. Bg5 Qc7 36. Rd1 f6 37. Be3 Rd8 38. Rxd8+ Qxd8 39. Nxb6 Nxb6 40. Bxc5+
Ke8 41. Qg8+ Kd7 42. Qxd8+  1-0